Biographical research (Record no. 489222)

MARC details
000 -LEADER
fixed length control field 00734nam a2200265Ia 4500
003 - CONTROL NUMBER IDENTIFIER
control field OSt
005 - DATE AND TIME OF LATEST TRANSACTION
control field 20220925173853.0
008 - FIXED-LENGTH DATA ELEMENTS--GENERAL INFORMATION
fixed length control field 220923b |||||||| |||| 00| 0 eng d
020 ## - INTERNATIONAL STANDARD BOOK NUMBER
International Standard Book Number 033520286I
037 ## - SOURCE OF ACQUISITION
Terms of availability General Book
040 ## - CATALOGING SOURCE
Original cataloging agency RTL
Transcribing agency RTL
Language of cataloging eng
041 ## - LANGUAGE CODE
Source of code eng
Language code of text/sound track or separate title eng
100 ## - MAIN ENTRY--PERSONAL NAME
Personal name Roberts Brian
9 (RLIN) 106571
245 #0 - TITLE STATEMENT
Title Biographical research
260 ## - PUBLICATION, DISTRIBUTION, ETC.
Place of publication, distribution, etc. Buckingham
Name of publisher, distributor, etc. Open University Press
Date of publication, distribution, etc. 2002
300 ## - PHYSICAL DESCRIPTION
Extent x,212p
Dimensions cm.
490 ## - SERIES STATEMENT
Series statement Understanding Social Research
500 ## - GENERAL NOTE
General note Glossary P 176-177
650 ## - SUBJECT ADDED ENTRY--TOPICAL TERM
Topical term or geographic name entry element Sociology Research Methodology
9 (RLIN) 245172
942 ## - ADDED ENTRY ELEMENTS (KOHA)
Classification part Yb4, P2
Koha item type General Books
Source of classification or shelving scheme Colon Classification (CC)
Holdings
Withdrawn status Lost status Damaged status Not for loan Home library Current library Date acquired Total Checkouts Full call number Barcode Date last seen Price effective from Koha item type
        Ratan Tata Library Ratan Tata Library 2022-09-25   Yb4 P2 RT1160588 2022-09-25 2022-09-25 General Books
Copyright @ Delhi University Library System